000 00482nam a22001697a 4500
999 _c158854
_d158854
005 20181116114655.0
010 _aB-041105
020 _a8176460591
035 _aB-041105
037 _bB.R. Publishing Corporation
082 _a954.08
100 _aLohia, Rammanohar
245 _aGuilty men of India's partition /
_cRammanohar Lohia
260 _aDelhi
_bB.R. Publishing Corporation
_c2002
300 _a101p.
_c22cm (pbk)
942 _2ddc
_cEN
_h954.08
_mLOH